000 00443nam a22001697a 4500
005 20180327110814.0
008 160611b xxu||||| |||| 00| 0 eng d
020 _a9788129704115
041 _aeng
082 _b6931
_a338.88
100 _aDaniels, John d & Others
_91710
245 _aInternational Business: Environment's and Operations
260 _aDelhi
_bpearson education
300 _a666
650 _aManagement
_9241
942 _cBK
999 _c2414
_d2413